000 00322nam a2200133 a 4500
005 20140414093847.0
008 110223s19uu xx uuu eng d
050 _aCDR 600OR
_bINV 1996
245 _aInventorlabs.
260 _aUSA :
_bHoughton Mifflin,
_c1996.
650 _aInventors
942 _cAVM
999 _c109699
_d109699